000 00857nam a2200289Ia 4500
003 OSt
005 20220928130339.0
006 a|||||r|||| 00| 0
007 ta
008 220927b |||||||| |||| 00| 0 eng d
020 _c900
024 _a109438
037 _b1256, 01/09/2010, Kiran Book Service
_cTextual
040 _aSDCL
_cSDCL
_beng
041 _2eng
_aeng
082 _aA.2'P, P9
100 _aBose D M Ed.
_9473623
245 0 _aConcise history of science in India.
250 _a2
260 _aHyderabad
_bUniversities Press
_c2009
300 _axx,944p
_ccm.
650 _aHistory
700 _a Sen S N Ed.
_9473624
700 _a Subbarayappa B V Ed.
_9473625
942 _hA.2'P, P9
_cTEXL
_2CC
999 _c786204
_d786204